Compendio de etimologías grecolatinas del español. (Registro nro. 437091)

Detalles MARC
000 -LÍDER
Campo fijo de descripción fija 00663nam a22002177a 4500
003 - IDENTIFICADOR DEL NÚMERO DE CONTROL
Campo de control BCEG
005 - FECHA Y HORA DE LA ULTIMA TRANSACCIÓN
control field 20260306122022.0
008 - ELEMENTOS DE LONGITUD FIJA -- INFORMACIÓN GENERAL
Campo fijo de descripción fija -- Información general 260306s2003 mx|||||| |||| 00| 0 spa d
020 ## - ISBN
Isbn 9706478361
040 ## - FUENTE DE CATALOGACIÓN
Agencia de catalogación original BCEG
Idioma de catalogación spa
Agencia que realiza la transcripción BCEG
082 04 - NÚMERO DE CLASIFICACIÓN DECIMAL DEWEY
Número de clasificación 462
Clave de autor-Numero de item M425c
100 ## - ASIENTO PRINCIPAL--NOMBRE PERSONAL
Nombre del autor personal Mateos Muñoz, Agustín,
Fechas asociadas con el nombre 1908-1997.
245 10 - TÍTULO PROPIAMENTE DICHO
Título Compendio de etimologías grecolatinas del español.
246 13 - FORMA VARIANTE DEL TITULO
Título propiamente dicho/forma breve del título Compendio de etimologías grecolatinas del español
Parte restante del título : desarrollo de los programas oficiales.
260 ## - PUBLICACIÓN, DISTRIBUCIÓN, ETC. (PIE DE IMPRENTA)
Lugar de publicación, distribución, etc. México :
Nombre del editor, distribuidor, etc. Esfinge,
Fecha de publicación, distribución, etc. 2003.
300 ## - DESCRIPCIÓN FÍSICA
Extensión 408 p.
541 ## - NOTA DE FUENTE INMEDIATA DE ADQUISICIÓN
Nota de fuente de adquisición Donación.
650 14 - ASIENTO SECUNDARIO DE MATERIA - TERMINO TEMÁTICO
Término temático o nombre geográfico como elemento de entrada Español
Subdivisión de forma Etimología.
650 14 - ASIENTO SECUNDARIO DE MATERIA - TERMINO TEMÁTICO
Término temático o nombre geográfico como elemento de entrada Español
Subdivisión de forma Semántica.
942 ## - TIPO DE MATERIAL (KOHA)
Tipo de Item KOHA Libro
Existencias
No para Préstamo Colección Biblioteca de Origen Biblioteca Permanente Fecha de Adquisición Fuente de Adquisicion Total de Préstamos Signatura Topográfica Código de Barras Última vez visto Tipo de Material
Material en Reserva General Biblioteca Central Estatal de Guanajuato, "Wigberto Jiménez Moreno" Biblioteca Central Estatal de Guanajuato, "Wigberto Jiménez Moreno" 06/03/2026 DONAD   462 M425c BCEG8655230971 06/03/2026 Libro